01153 2200361 4500001002100000005001500021035002000036007000300056040001700059100002900076245015400105250001100259300003400270041000800304082001000312084001600322090002200338264004400360336002100404337003000425338002300455650001500478850001000493008004100503020002200544700004600566700005100612700003600663500002300699990002300722990002300745990002300768INLIS00000000000479620260522023258 a0010-0122000428ta aSBPUPADbind0 aJanet GoodallePengarang1 aSeratus Ide untuk Guru SD :bMenarik Perhatian Orang Tua /cJanet Goodall, Kathryn Weston.; Penerjemah, Damaring Tyas Wulandari; Editor, Alwi Kosasih aCet. 4 axiv 138 hlm :bilus. ;c23 cm0 aind a372.2 a372.2 JAN s a2X5.1 YUL k 2 18 aJakarta :bEsensi Erlangga Group,c2020 2rdacontentateks 2rdamediaatanpa perantara 2rdacarrieravolume 4aPendidikan aPUPAD260522 0  a978-602-6847-95-9 aPengarang ke-2, Kathryn WestonePengarang aPenerjemah, Damaring Tyas WulandariePengarang aEditor, Alwi KosasihePengarang aGlosarium, hlm 132 a36.145/BR/DPK/2021 a36.144/BR/DPK/2021 a36.143/BR/DPK/2021